Shortest Borders Quiz - Statistics

General Stats
  • This quiz has been taken 38 times
  • The average score is 8 of 15
Answer Stats
Length Country/Countries % Correct
56.6 km Andorra/France
89%
4.4 km France/Monaco
89%
39 km Italy/San Marino
89%
3.2 km Italy/Vatican City
89%
34.9 km Austria/Liechtenstein
78%
41.1 km Switzerland/Liechtenstein
78%
60 km Qatar/Saudi Arabia
59%
19 km North Korea/Russia
48%
58 km Djibouti/Somalia
44%
25 km Croatia/Montenegro
41%
9 km Azerbaijan/Turkey
33%
.15 km Botswana/Zambia
30%
62 km Macedonia/Serbia
30%
35 km Armenia/Iran
26%
11 km Egypt/ Palestine
7%
No matching quizzes found
Score Distribution
Percent of People with Each Score
Percentile by Number Answered
Your Score History
You have not taken this quiz